| 000 | 01193nam0a22002531 4500 | ||
|---|---|---|---|
| 001 | rc\4149206 | ||
| 005 | 20130415183142.7 | ||
| 021 |
_aRU _b[53-17021] |
||
| 035 | _a(NLR Aleph) 007991639 | ||
| 090 |
_a8583186 _c8583186 |
||
| 100 | _a20130415d1953 |||y0rusy50 ca | ||
| 101 | 0 | _arus | |
| 102 | _aRU | ||
| 105 | _ay z ||||| | ||
| 200 | 1 |
_aСпециальный семинар по истории СССР "Великая Отечественная война Советского Союза 1941-1945 гг." _eМетод. пособие для студентов-заочников пед. ин-тов. Ист. фак. _fПод ред. проф. Б.С. Тельпуховского _gГл. упр. высш. учеб. заведений М-ва просвещения РСФСР. Науч.-метод. кабинет по заоч. обучению учителей |
|
| 210 |
_aМосква _cУчпедгиз _d1953 |
||
| 215 |
_a84 с. _d20 |
||
| 700 | 1 |
_aСтишов _bМ. И. _gМихаил Иванович |
|
| 702 | 1 |
_aТельпуховский _bБ. С. _4340 |
|
| 801 | 0 |
_aRU _bNLR _gpsbo |
|
| 801 | 1 |
_aRU _bELAR _2rusmarc |
|
| 852 |
_aNLR _jИр10 Г-4/271 |
||
| 942 | _cBOOK | ||
| 980 | _aNB | ||